Регионална библиотека "Любен Каравелов" - Русе

Лексикалната работа в урока по литература ІІ - ІV клас (Запис номер 63361)

MARC детайли
000 -Лидер
Контролно поле с фиксирана дължина 01725nam a2200409 c 4500
003 - Код на организацията, давaща контролен номер
Контролно поле BLK
005 - Дата и час на последна редакция
Контролно поле 20210401121712.0
008 - Елементи от данни с фиксирана дължина
fixed length control field 180408b bul|||||r ||||||| ||bul||
010 ## - Наследен системен номер
LC control number KNG00067600000
020 ## - Международен стандартен номер на книга ISBN
Международен стандартен номер на книга ISBN 954-91715-1-5
-- издат.: Обучение
040 ## - Източник на каталожния запис
Идентификатор на билиотеката - собственик на записа BLK
041 ## - Код за език
Код за езика на текст/звукозапис или на отделно заглавие Български
Код за езика КДБФ Български
072 #7 - Код за тематичната категория
Код организация bullib
Код за тематична категория Я
Текст Автографи
080 ## - УДК
Текстов определител УДК Литература в основното училище. Методика на обучението
УДК код - определител по УДК 373.3.016:821
УДК определител
УДК - код + определител 373.3.016:821
100 1# - Редна дума - Автор
Автор Недкова, Емилия Димитрова
Авторска отговорност първи автор
R(LIN) 291383
139 ## - Редно поле
Редна дума Недкова, Емилия Димитрова и др.
Авторски знак Недк - Н 45
245 10 - Сведения за заглавието
Заглавие Лексикалната работа в урока по литература ІІ - ІV клас
Редно поле (дума) Емилия Димитрова Недкова; съавт. Красимира Георгиева.
257 ## - Страна на издаване
Страна на създаване/издаване България
260 ## - Област на издателските данни
-- Русе
Име на издателя, разпространителя и проч. Обучение
Година на издаване 2005
300 ## - Физическа характеристика
Страници 112 с.
Илюстрации и др. с табл.
Размери/Мащаб 24 см
380 ## - Жанр
Жанр Обществени науки
490 1# - СЕРИИ (Колекции)
Име на серия За учителя
500 ## - Общи забележки
Забележка Библиогр. с. 111.
650 #4 - Допълнително описание по предмет – тема
Основно описание – тема или топоним Литература - методика на преподаването - за основни училища
9 (RLIN) 249254
653 ## - Ключова дума – ненормативна
Ключова дума лексика
653 ## - Ключова дума – ненормативна
Ключова дума литература
653 ## - Ключова дума – ненормативна
Ключова дума методика на преподаването
653 ## - Ключова дума – ненормативна
Ключова дума ІІ кл. - ІV кл.
653 ## - Ключова дума – ненормативна
Ключова дума основни училища
659 ## - Тематичен бюлетин
Тематичен бюлетин Я
700 1# - Други автори (авторска отговорност)
Лично име Георгиева, Красимира
Автороска отговорност (Описва отношението между автора и произведението) съавт.
9 (RLIN) 291384
852 ## - Местоположение
Форматна сигнатура Цб 228884
856 4# - Електронен адрес и достъп
Електронен формат pdf - файл
Път до файла /url/
856 4# - Електронен адрес и достъп
Електронен формат pdf - файл
Път до файла /url/
942 ## - АРТИКУЛИ
Вид на библиотечния материал Книги
Скрит в OPAC Не
Koha issues (borrowed), all copies 2
944 ## - СЪЗДАВАНЕ И РЕДАКЦИЯ на ЗАПИСА
Създаване/Редакция Създаване
Дата на регистрацията/редакция 14.08.2006
Статус, дата на статуса ф /
Служител, извършил регистрацията/редакцията Людмила_Стоянова
944 ## - СЪЗДАВАНЕ И РЕДАКЦИЯ на ЗАПИСА
Създаване/Редакция Редакция
Дата на регистрацията/редакция 05.10.2017
Статус, дата на статуса ф /
Служител, извършил регистрацията/редакцията Людмила_Стоянова
999 ## - СИСТЕМНИ КОНТРОЛНИ НОМЕРА
Koha biblionumber 63361
Koha biblioitemnumber 63361
Наличности
Код за отписване Код за изгубен артикул Код за повреда Коз за рестрикции Код за отдаване Артикулен № Име на библиотеката - собственик Име на библиотеката, в която се намира в момента Статус (Текущо местоположение) Дата на вписване в системата Местоположение - отдел Цена в лева Инвентарен номер Систематично азбучна сигнатура Баркод Номер на екземпляра Цена в евро Служебна бележка Служебен тип на артикула Номерация (Хронология) Източник на класификационната схема
  Не е изгубен Не е повреден без рестрикции ползва се в читалня 105032 Регионална библиотека "Любен Каравелов" Русе Регионална библиотека "Любен Каравелов" Русе Хранилище 2006-08-14 Хранилище 5.00 120000704673 Цб 228884 120000704673 1 2.56 Дост: Dp Вид: Д N: 35 Дата: 17.08.2005 Книги    
  Не е изгубен Не е повреден без рестрикции ползва се в читалня 105033 Регионална библиотека "Любен Каравелов" Русе Регионална библиотека "Любен Каравелов" Русе Хранилище 2009-09-25 Основен фонд - ползва се само за читалня 5.00 120000738333 Цб 228884 120000738333 2 2.56 Дост: DA Вид: А N: 12 Дата: 25.09.2009 Книги Автограф: Емилия Недкова  
  Не е изгубен Не е повреден без рестрикции заемане за дома 105034 Регионална библиотека "Любен Каравелов" Русе Регионална библиотека "Любен Каравелов" Русе Заемна - подръчен фонд 2017-09-30 Заемна - подръчен фонд 5.00 120000815513 373.3.016:821/Н 45 Е 120000815513 3 2.56 Дост: DA Вид: А N: 37 Дата: 30.09.2017 Дата инв: 07.02.2018 Бележки инв: П2018 Книги   Universal Decimal Classification
Vip Innovations Ltd, Rousse, Bulgaria 2025